| 000 | 00708nam a2200241Ia 4500 | ||
|---|---|---|---|
| 003 | OSt | ||
| 005 | 20220926012039.0 | ||
| 006 | a|||||r|||| 00| 0 | ||
| 007 | ta | ||
| 008 | 220923b |||||||| |||| 00| 0 eng d | ||
| 037 | _cGeneral Book | ||
| 040 |
_aRTL _cRTL _beng |
||
| 041 |
_2eng _aeng |
||
| 082 | _aX:93:(B28), K7 | ||
| 100 |
_aMoore Henry Ludwell _9315441 |
||
| 245 | 0 |
_aLaws of wages _b An essays in statistical economics |
|
| 260 |
_aNew York _bAufustus M Kelly USA _c1967 |
||
| 300 |
_aviii, 196p. _ccm. |
||
| 500 | _aReprint of economic classics | ||
| 650 |
_aWages _9229845 |
||
| 942 |
_hX:93:(B28), K7 _cGB _2CC |
||
| 999 |
_c621593 _d621593 |
||